00539nam a2200145 a 45000010005000000030009000050080041000140400028000550820015000831100043000982450101001412600033002423000010002756500108002859376CO-ViMGA141112s2004 ck r 000 u spa d aCO-ViMGAbspacCO-ViMGA04a305.8 A687 aInstituto Colombiano de Antropología10aAntropología en la modernidad : bidentidades, etnicidades y movimientos sociales en Colombia. aBogotá, cColombia, c1997 a399p.14aPolítica CULTURAL, BIODIVERSIDAD, IDENTIDAD NACIONAL, INDIGENISMO, MOVIMIENTO INDIGENA, ANTROPOLOGIA.